Normal view
MARC view
- ENFERMEDADES MENTALES -
Entry Materia
001 - NÚMERO DE CONTROL DEL REGISTRO
- campo de control: 302
003 - IDENTIFICADOR DE NUMERO DE CONTROL
- campo de control: UPN
005 - FECHA Y HORA DE LA ÚLTIMA TRANSACCIÓN
- campo de control: 20210219193602.0
008 - DATOS DE LONGITUD FIJA
- campo de control de longitud fija: a|ac|n|aab||||||||||||a |n|||||||
035 ## - NÚMERO DE CONTROL DEL SISTEMA
- Número de control del sistema: UPN10000000302
040 ## - FUENTE DE LA CATALOGACIÓN
- Lengua de catalogación: SPA
- Agencia de transcripción: UPN
053 #4 - NÚMERO CLASIFICADOR - BIBLIOTECA DEL CONGRESO (LC)
- Elemento numérico de la clasificación - Número único o no. inicial del rango: RC469
- Elemento numérico de la clasificación - Número único o no. final del rango: RC473
150 ## - ENCABEZAMIENTO - TEMÁTICO
- Término de materia o nombre geográfico como elemento inicial: ENFERMEDADES MENTALES -
- Subdivisión de materia general: DIAGNOSTICO
450 ## - VÉASE - MATERIA
- Encabezamiento temático: Enfermedades mentales -
- Subdivisión temática general: Diagnosis
670 ## - FUENTE EN LA QUE SE LOCALIZARON DATOS
- Cita de la fuente: A/P
902 ## - CATALOGADOR
- Catalogador: MMA/151205
